[Event "Maikop Adygea op"]
[Site "Maikop"]
[Date "2023.01.30"]
[Round "4"]
[White "Udovichenko, Nikolai"]
[Black "Tleptsok, Ruslan Aslanovich"]
[Result "1/2-1/2"]
[WhiteElo "2076"]
[BlackElo "2196"]
[PlyCount "70"]
[EventDate "2023.01.28"]
[EventType "swiss"]
[EventRounds "9"]
[EventCountry "RUS"]
[SourceTitle "CBM 213 Extra"]
[Source "ChessBase"]
[SourceDate "2023.05.31"]
[SourceVersion "1"]
[SourceVersionDate "2023.05.31"]
[SourceQuality "1"]

1. e4 d5 2. Nc3 dxe4 3. Nxe4 Nf6 4. Nxf6+ gxf6 5. Qh5 e5 6. Bc4 Qe7 7. d3 Nc6 8. Bd2 Be6 9. 0-0-0 Rg8 10. Qxh7 Rxg2 11. f4 0-0-0 12. Bxe6+ Qxe6 13. Qh3 Qxh3 14. Nxh3 Bc5 15. fxe5 fxe5 16. Ng5 Rh8 17. Nxf7 Rhxh2 18. Rxh2 Rxh2 19. c3 Be7 20. Rg1 Kd7 21. Nh6 a5 22. a4 b6 23. Rg6 Bd6 24. Nf5 Ne7 25. Rg7 Ke6 26. Ng3 Rg2 27. Rg5 Nd5 28. Ne4 Rxg5 29. Bxg5 Be7 30. Bd2 Kf5 31. Nf2 Bc5 32. Ne4 Be7 33. Nf2 Bc5 34. Ne4 Be7 35. Nf2 Bc5 1/2-1/2

[Event "Maikop Adygea op"]
[Site "Maikop"]
[Date "2023.01.29"]
[Round "3"]
[White "Meshalkin, Yuri Y"]
[Black "Udovichenko, Nikolai"]
[Result "0-1"]
[WhiteElo "2044"]
[BlackElo "2076"]
[PlyCount "68"]
[EventDate "2023.01.28"]
[EventType "swiss"]
[EventRounds "9"]
[EventCountry "RUS"]
[SourceTitle "CBM 213 Extra"]
[Source "ChessBase"]
[SourceDate "2023.05.31"]
[SourceVersion "1"]
[SourceVersionDate "2023.05.31"]
[SourceQuality "1"]

1. d4 d5 2. Nf3 Nf6 3. c4 e6 4. Nc3 c5 5. cxd5 Nxd5 6. e4 Nxc3 7. bxc3 cxd4 8. cxd4 Bb4+ 9. Bd2 Bxd2+ 10. Qxd2 0-0 11. Bc4 Nd7 12. 0-0 Nf6 13. Rfe1 b6 14. Rad1 Bb7 15. Qf4 Rc8 16. Bd3 g6 17. Qh6 Ng4 18. Qf4 Nf6 19. h3 Kg7 20. Qh4 Nh5 21. Qg4 Rc3 22. e5 Qa8 23. Ng5 Bxg2 24. Ne4 Bxe4 25. Bxe4 Qd8 26. d5 f5 27. exf6+ Qxf6 28. f3 exd5 29. Rxd5 Nf4 30. Rd7+ Kh8 31. Red1 h5 32. Rh7+ Kxh7 33. Qd7+ Rf7 34. Qe8 Qg5+ 0-1

[Event "Maikop Adygea op"]
[Site "Maikop"]
[Date "2023.01.29"]
[Round "1"]
[White "Zavgorodniy, Nikolay"]
[Black "Udovichenko, Nikolai"]
[Result "0-1"]
[WhiteElo "1575"]
[BlackElo "2076"]
[PlyCount "58"]
[EventDate "2023.01.28"]
[EventType "swiss"]
[EventRounds "9"]
[EventCountry "RUS"]
[SourceTitle "CBM 213 Extra"]
[Source "ChessBase"]
[SourceDate "2023.05.31"]
[SourceVersion "1"]
[SourceVersionDate "2023.05.31"]
[SourceQuality "1"]

1. e4 e5 2. Nf3 Nc6 3. d4 exd4 4. Nxd4 Qh4 5. Nc3 Bb4 6. Be2 Qxe4 7. Ndb5 Bxc3+ 8. bxc3 Kd8 9. 0-0 a6 10. Nd4 Nxd4 11. cxd4 d5 12. Re1 Ne7 13. Bh5 Qh4 14. Ba3 Nc6 15. Bxf7 Qf6 16. Bxd5 Bd7 17. Bxc6 Qxc6 18. d5 Qg6 19. d6 cxd6 20. Bxd6 Rc8 21. Qd2 Rc6 22. Be7+ Kc8 23. Kh1 Rxc2 24. Rac1 Bc6 25. Qg5 Qxg5 26. Bxg5 Rxf2 27. a3 Kb8 28. Rg1 Re8 29. Rcf1 Bxg2+ 0-1

[Event "Maikop Adygea Cup 74th"]
[Site "Maikop"]
[Date "2022.01.28"]
[Round "7"]
[White "Udovichenko, Nikolai"]
[Black "Khatkhakumov, Adam"]
[Result "1-0"]
[WhiteElo "2149"]
[BlackElo "1175"]
[PlyCount "37"]
[EventDate "2022.01.22"]
[EventType "swiss"]
[EventRounds "9"]
[EventCountry "RUS"]
[SourceTitle "EXT 2023"]
[Source "ChessBase"]
[SourceDate "2022.10.05"]
[SourceVersion "1"]
[SourceVersionDate "2022.10.05"]
[SourceQuality "1"]

1. a3 e5 2. c4 Nf6 3. Nc3 d5 4. cxd5 Nxd5 5. Nf3 Nc6 6. e4 Nf6 7. Bb5 Bd6 8. d4 exd4 9. Nxd4 Bd7 10. Nf5 Bxf5 11. exf5 0-0 12. 0-0 h5 13. Bg5 g6 14. Ne4 Nxe4 15. Bxd8 Raxd8 16. Bxc6 bxc6 17. Qc2 Rfe8 18. fxg6 fxg6 19. Rae1 1-0

[Event "Maikop Adygea Cup 74th"]
[Site "Maikop"]
[Date "2022.01.24"]
[Round "3"]
[White "Udovichenko, Nikolai"]
[Black "Kozlenko, Daniil"]
[Result "1-0"]
[WhiteElo "2149"]
[BlackElo "1466"]
[PlyCount "41"]
[EventDate "2022.01.22"]
[EventType "swiss"]
[EventRounds "9"]
[EventCountry "RUS"]
[SourceTitle "EXT 2023"]
[Source "ChessBase"]
[SourceDate "2022.10.05"]
[SourceVersion "1"]
[SourceVersionDate "2022.10.05"]
[SourceQuality "1"]

1. e4 e6 2. d4 d5 3. Nc3 Nf6 4. e5 Nfd7 5. f4 c5 6. Nf3 Nc6 7. Be3 f6 8. exf6 Nxf6 9. dxc5 Qa5 10. Bb5 Ne4 11. Qd4 Bd7 12. Bxc6 bxc6 13. b4 Qa3 14. Nxe4 dxe4 15. Rd1 0-0-0 16. Ne5 Be7 17. Nxd7 Bf6 18. Qxe4 Bc3+ 19. Kf2 Rxd7 20. Qxc6+ Rc7 21. Qa8# 1-0

[Event "Maikop Adygea Cup 74th"]
[Site "Maikop"]
[Date "2022.01.23"]
[Round "2"]
[White "Arefyev, Vadim"]
[Black "Udovichenko, Nikolai"]
[Result "1-0"]
[WhiteElo "1996"]
[BlackElo "2149"]
[PlyCount "93"]
[EventDate "2022.01.22"]
[EventType "swiss"]
[EventRounds "9"]
[EventCountry "RUS"]
[SourceTitle "EXT 2023"]
[Source "ChessBase"]
[SourceDate "2022.10.05"]
[SourceVersion "1"]
[SourceVersionDate "2022.10.05"]
[SourceQuality "1"]

1. d4 Nf6 2. Bf4 g6 3. Nf3 Bg7 4. c4 c5 5. e3 Nh5 6. Be5 Bxe5 7. dxe5 b6 8. Nc3 Bb7 9. Qd2 a5 10. Be2 Ng7 11. Rd1 Ne6 12. h4 h5 13. Nd5 Nc6 14. Qc3 Nb4 15. a3 Nc6 16. Ng5 Ra6 17. Nxe6 fxe6 18. Nf4 Kf7 19. Nh3 Qc7 20. Ng5+ Kg7 21. f4 Nd8 22. Qd3 Bc6 23. Rh3 Nf7 24. Rg3 Nxg5 25. Rxg5 Rh6 26. Bxh5 Kh8 27. Bxg6 Ra8 28. Rh5 Rxh5 29. Bxh5 Rg8 30. Bf3 Qb7 31. Kf2 Qc8 32. Qe2 Qf8 33. Bxc6 dxc6 34. Qh5+ Kg7 35. g4 Rh8 36. Qg5+ Kf7 37. h5 Rg8 38. Qh4 b5 39. h6 Rg6 40. g5 Kg8 41. Kf3 Kh7 42. Qg4 bxc4 43. e4 Qb8 44. f5 Qb3+ 45. Kf4 exf5 46. exf5 Rg8 47. Ke4 1-0

[Event "Maikop Dzhigunov Memrial 19th"]
[Site "Maikop"]
[Date "2021.09.14"]
[Round "4"]
[White "Udovichenko, Nikolai"]
[Black "Kadilin, Alexander"]
[Result "1-0"]
[WhiteElo "2153"]
[BlackElo "2028"]
[PlyCount "73"]
[EventDate "2021.09.13"]
[EventType "swiss"]
[EventRounds "8"]
[EventCountry "RUS"]
[SourceTitle "EXT 2022"]
[Source "ChessBase"]
[SourceDate "2021.10.06"]
[SourceVersion "1"]
[SourceVersionDate "2021.10.06"]
[SourceQuality "1"]

1. c4 Nf6 2. g3 g6 3. b3 Bg7 4. Bb2 c5 5. Bg2 Nc6 6. Nf3 d6 7. 0-0 0-0 8. e3 Bg4 9. h3 Bd7 10. d4 Qc8 11. Kh2 a6 12. Nbd2 b5 13. Rc1 b4 14. Qe2 Qc7 15. dxc5 dxc5 16. Rfd1 Rad8 17. Bxf6 exf6 18. Ne4 Ne7 19. Ne1 f5 20. Ng5 Bc6 21. Rxd8 Rxd8 22. Rd1 h6 23. Rxd8+ Qxd8 24. Bxc6 Nxc6 25. Ngf3 a5 26. Qd3 Qxd3 27. Nxd3 Bf8 28. Nfe5 Nxe5 29. Nxe5 Bd6 30. Nd3 g5 31. f4 f6 32. Kg2 Kf7 33. g4 gxf4 34. gxf5 fxe3 35. Kf3 e2 36. Kxe2 Ke8 37. Kf3 1-0

[Event "Maikop Dzhigunov Memrial 19th"]
[Site "Maikop"]
[Date "2021.09.13"]
[Round "2"]
[White "Udovichenko, Nikolai"]
[Black "Apostolidis, Boris"]
[Result "0-1"]
[WhiteElo "2153"]
[BlackElo "2104"]
[PlyCount "106"]
[EventDate "2021.09.13"]
[EventType "swiss"]
[EventRounds "8"]
[EventCountry "RUS"]
[SourceTitle "EXT 2022"]
[Source "ChessBase"]
[SourceDate "2021.10.06"]
[SourceVersion "1"]
[SourceVersionDate "2021.10.06"]
[SourceQuality "1"]

1. e4 e5 2. Nf3 Nc6 3. Bc4 Nf6 4. Ng5 d5 5. exd5 Na5 6. Bb5+ c6 7. dxc6 bxc6 8. Be2 h6 9. Nf3 e4 10. Ne5 Qd4 11. f4 Bc5 12. Rf1 Qd8 13. c3 Nd5 14. g3 Bb6 15. b4 Nb7 16. Bg4 0-0 17. Nxc6 Qc7 18. Bxc8 Raxc8 19. Ne5 Rfd8 20. Qb3 f6 21. Ng6 Kh7 22. f5 e3 23. d3 Nxc3 24. Nxc3 Qxc3+ 25. Qxc3 Rxc3 26. Nf4 Rc2 27. h3 Bd4 28. Rb1 Bc3+ 29. Kd1 Rxa2 30. Bxe3 Nd6 31. Nd5 Nb5 32. Nf4 Be5 33. Rb3 Nc3+ 34. Ke1 Bxf4 35. Rxf4 Rxd3 36. Rxc3 Rxc3 37. Bd2 Rxg3 38. Rd4 Rxh3 39. Rd7 Rf3 40. Ke2 Rxf5 41. Ke3 h5 42. Bc3 h4 43. Ke4 Rf1 44. Rd3 g5 45. Rh3 Kg6 46. Bd4 a6 47. Rc3 g4 48. Rc8 g3 49. Rg8+ Kf7 50. Rh8 g2 51. Rh7+ Ke6 52. Bc5 f5+ 53. Kd3 Rf3+ 0-1

[Event "South FR-ch"]
[Site "Maikop"]
[Date "2018.04.01"]
[Round "9"]
[White "Truskavetsky, Alexandr"]
[Black "Udovichenko, Nikolai"]
[Result "1-0"]
[WhiteElo "2387"]
[BlackElo "2175"]
[PlyCount "59"]
[EventDate "2018.03.24"]
[EventType "swiss"]
[EventRounds "9"]
[EventCountry "RUS"]
[SourceTitle "EXT 2019"]
[Source "ChessBase"]
[SourceDate "2018.10.10"]
[SourceVersion "1"]
[SourceVersionDate "2018.10.10"]
[SourceQuality "1"]

1. d4 d5 2. Bf4 c5 3. e3 Qb6 4. Nc3 e6 5. Nb5 Na6 6. a4 c4 7. c3 Bd7 8. b3 Bxb5 9. axb5 Qxb5 10. bxc4 Qb2 11. Qa4+ Kd8 12. Be2 Qxc3+ 13. Kf1 dxc4 14. Bxc4 Nb4 15. Bb3 Nf6 16. Ne2 Qb2 17. Rc1 Rc8 18. e4 Rxc1+ 19. Bxc1 Qb1 20. f3 Nc6 21. Kf2 Nxe4+ 22. fxe4 Qxe4 23. Rd1 Qh4+ 24. Kg1 Bd6 25. g3 Qe4 26. Qb5 h5 27. d5 exd5 28. Bxd5 Qc2 29. Bb3 Qg6 30. Bf4 1-0

[Event "South FR-ch"]
[Site "Maikop"]
[Date "2018.03.31"]
[Round "8"]
[White "Pshmahov, Osman"]
[Black "Udovichenko, Nikolai"]
[Result "0-1"]
[WhiteElo "2143"]
[BlackElo "2175"]
[PlyCount "112"]
[EventDate "2018.03.24"]
[EventType "swiss"]
[EventRounds "9"]
[EventCountry "RUS"]
[SourceTitle "EXT 2019"]
[Source "ChessBase"]
[SourceDate "2018.10.10"]
[SourceVersion "1"]
[SourceVersionDate "2018.10.10"]
[SourceQuality "1"]

1. e4 c5 2. Nf3 Nc6 3. d4 cxd4 4. Nxd4 Nf6 5. Nxc6 bxc6 6. Bd3 e5 7. Be3 d5 8. exd5 cxd5 9. Bg5 Rb8 10. 0-0 h6 11. Bh4 e4 12. Be2 Bd6 13. Nc3 g5 14. Bg3 Be6 15. Qd4 Rb4 16. Bb5+ Ke7 17. Qxa7+ Kf8 18. a3 Rxb2 19. Qd4 Be7 20. Be5 Rg8 21. Bc6 Rb6 22. Ba4 Ng4 23. Bg3 f5 24. h3 Bf6 25. Qc5+ Be7 26. Qd4 Bf6 27. Qc5+ Be7 28. Qa5 f4 29. hxg4 fxg3 30. fxg3+ Kg7 31. Rad1 e3 32. Rd3 Rd6 33. Qa7 d4 34. Ne4 e2 35. Re1 Rf8 36. Rxe2 Rb6 37. Nd2 Rf7 38. Kh2 Bb4 39. Qxf7+ Bxf7 40. axb4 Rxb4 41. Bb3 Bg6 42. Rf3 h5 43. Rf1 hxg4 44. Rfe1 Rb7 45. Ne4 d3 46. cxd3 Bxe4 47. Rxe4 Rxb3 48. Re8 Qd6 49. R8e7+ Kf6 50. Rh7 Qxd3 51. Rf1+ Kg6 52. Rh8 Qxg3+ 53. Kh1 Rb2 54. Rg1 Qf2 55. Rh2 Qxg1+ 56. Kxg1 g3 0-1

[Event "South FR-ch"]
[Site "Maikop"]
[Date "2018.03.30"]
[Round "7"]
[White "Udovichenko, Nikolai"]
[Black "Ivlev, Aleksey"]
[Result "0-1"]
[WhiteElo "2175"]
[BlackElo "2334"]
[PlyCount "82"]
[EventDate "2018.03.24"]
[EventType "swiss"]
[EventRounds "9"]
[EventCountry "RUS"]
[SourceTitle "EXT 2019"]
[Source "ChessBase"]
[SourceDate "2018.10.10"]
[SourceVersion "1"]
[SourceVersionDate "2018.10.10"]
[SourceQuality "1"]

1. e4 c6 2. d4 d5 3. Nd2 dxe4 4. Nxe4 Nf6 5. Nxf6+ gxf6 6. Be3 h5 7. Nf3 h4 8. Qd2 h3 9. 0-0-0 Qd5 10. c4 hxg2 11. Bxg2 Qxc4+ 12. Kb1 Bf5+ 13. Ka1 e6 14. d5 e5 15. d6 Nd7 16. Rhe1 Be6 17. b3 Qg4 18. Rg1 a5 19. Qb2 Qb4 20. Bd2 Qxd6 21. Bxa5 Qa3 22. Qxa3 Bxa3 23. Be1 Nb6 24. h3 Nd5 25. Bd2 Bc5 26. Rgf1 Nb4 27. Bxb4 Bxb4 28. Kb2 Ke7 29. h4 Ba3+ 30. Kc3 Ra5 31. Rh1 Rc5+ 32. Kd2 Rd8+ 33. Ke2 Rc2+ 34. Rd2 Rdxd2+ 35. Nxd2 Bb4 36. Rd1 Rxa2 37. Ke3 f5 38. h5 f4+ 39. Ke2 Bg4+ 40. f3 Bxh5 41. Bh3 e4 0-1

[Event "South FR-ch"]
[Site "Maikop"]
[Date "2018.03.29"]
[Round "6"]
[White "Alexeev, Alexey"]
[Black "Udovichenko, Nikolai"]
[Result "1/2-1/2"]
[WhiteElo "2290"]
[BlackElo "2175"]
[PlyCount "102"]
[EventDate "2018.03.24"]
[EventType "swiss"]
[EventRounds "9"]
[EventCountry "RUS"]
[SourceTitle "EXT 2019"]
[Source "ChessBase"]
[SourceDate "2018.10.10"]
[SourceVersion "1"]
[SourceVersionDate "2018.10.10"]
[SourceQuality "1"]

1. e4 e5 2. Nf3 Nc6 3. Bb5 a6 4. Ba4 Nf6 5. 0-0 Be7 6. Re1 b5 7. Bb3 d6 8. c3 0-0 9. h3 Na5 10. Bc2 c5 11. d4 Qc7 12. Nbd2 Nc6 13. d5 Nd8 14. a4 Rb8 15. b3 Ne8 16. Nf1 g6 17. axb5 axb5 18. N3h2 f6 19. Ng4 Nf7 20. Nh6+ Nxh6 21. Bxh6 Ng7 22. f4 g5 23. fxg5 fxg5 24. Ng3 Rf7 25. Rf1 Rf4 26. Bxg7 Rxf1+ 27. Qxf1 Kxg7 28. Bd1 Bd7 29. Bg4 Be8 30. b4 Bg6 31. Kh2 cxb4 32. cxb4 Qc4 33. Be2 Qd4 34. Rc1 Rf8 35. Qg1 Qxg1+ 36. Kxg1 Ra8 37. Rc7 Kf6 38. Rb7 Ra1+ 39. Kf2 Ra2 40. Kg1 Ra1+ 41. Kh2 Re1 42. Rxb5 h5 43. Bxh5 Bxe4 44. Nxe4+ Rxe4 45. Kg3 Rd4 46. Kf3 e4+ 47. Ke2 Ke5 48. Bg6 g4 49. hxg4 Bg5 50. g3 Rd2+ 51. Ke1 Rxd5 1/2-1/2

[Event "South FR-ch"]
[Site "Maikop"]
[Date "2018.03.25"]
[Round "2"]
[White "Zakaryan, David"]
[Black "Udovichenko, Nikolai"]
[Result "1/2-1/2"]
[WhiteElo "2407"]
[BlackElo "2175"]
[PlyCount "105"]
[EventDate "2018.03.24"]
[EventType "swiss"]
[EventRounds "9"]
[EventCountry "RUS"]
[SourceTitle "EXT 2019"]
[Source "ChessBase"]
[SourceDate "2018.10.10"]
[SourceVersion "1"]
[SourceVersionDate "2018.10.10"]
[SourceQuality "1"]

1. Nf3 Nf6 2. d4 d5 3. Bf4 e6 4. e3 c5 5. c3 Nc6 6. Nbd2 Be7 7. Bd3 0-0 8. Qe2 Bd7 9. h3 Rc8 10. Bh2 Ne8 11. a3 a6 12. Rd1 cxd4 13. exd4 Na5 14. b4 Rxc3 15. bxa5 Qxa5 16. 0-0 Rxa3 17. Ne5 Ba4 18. Rb1 Nd6 19. Qh5 Rxd3 20. Nxd3 Qxd2 21. Nc5 Qxd4 22. Rfc1 g6 23. Qe2 Bb5 24. Nxe6 Qf6 25. Rxb5 Nxb5 26. Nxf8 Bxf8 27. Qd3 Qe6 28. Bf4 f6 29. Kf1 Qe4 30. Qxe4 dxe4 31. Rc8 g5 32. Be3 Kf7 33. Rb8 Nc3 34. Rxb7+ Kg6 35. Ra7 Nd5 36. Bd4 Nb4 37. Ra8 Be7 38. Ke2 h5 39. Bb6 Nd5 40. Ba5 Nf4+ 41. Kf1 h4 42. Rxa6 Kf5 43. Bd2 Nd5 44. Bc1 Bb4 45. Bb2 e3 46. f3 Be7 47. Bd4 Bb4 48. Ke2 Bd2 49. Kf1 Bc3 50. Bc5 Bd2 51. Bd4 Bc3 52. Bc5 Bd2 53. Bd4 1/2-1/2

[Event "Belorechensk Seniors op"]
[Site "Belorechensk"]
[Date "2013.02.21"]
[Round "9"]
[White "Udovichenko, Nikolai"]
[Black "Pushkov, Nikolai"]
[Result "0-1"]
[WhiteElo "2230"]
[BlackElo "2352"]
[PlyCount "82"]
[EventDate "2013.02.13"]
[EventType "swiss"]
[EventRounds "9"]
[EventCountry "RUS"]
[SourceTitle "CBM 153 Extra"]
[Source "ChessBase"]
[SourceDate "2013.04.22"]
[SourceVersion "1"]
[SourceVersionDate "2013.04.22"]
[SourceQuality "1"]

1. e4 e6 2. d4 d5 3. Nc3 Nf6 4. e5 Nfd7 5. f4 c5 6. Nf3 Nc6 7. Be3 Be7 8. Qd2 a6 9. 0-0-0 b5 10. dxc5 Bxc5 11. Bxc5 Nxc5 12. Bd3 Qb6 13. Ne2 b4 14. Ned4 Nxd4 15. Nxd4 0-0 16. f5 Nxd3+ 17. Qxd3 exf5 18. Nxf5 Bxf5 19. Qxf5 Qe6 20. Qf4 a5 21. Rd4 f6 22. exf6 Rxf6 23. Qg3 Raf8 24. Re1 Rf1 25. Rdd1 Qh6+ 26. Qe3 Rxe1 27. Rxe1 Qxe3+ 28. Rxe3 Rf2 29. Re5 Rxg2 30. Rxd5 Rxh2 31. Rxa5 h5 32. Rb5 h4 33. Rxb4 h3 34. a4 Rg2 35. Rh4 h2 36. b4 Rg1+ 37. Kb2 h1Q 38. Rxh1 Rxh1 39. a5 Kf7 40. Kc3 Ke7 41. Kc4 Kd6 0-1

[Event "Belorechensk Seniors op"]
[Site "Belorechensk"]
[Date "2013.02.15"]
[Round "3"]
[White "Udovichenko, Nikolai"]
[Black "Zhukov, Viktor Andreevich"]
[Result "0-1"]
[WhiteElo "2230"]
[BlackElo "2097"]
[PlyCount "65"]
[EventDate "2013.02.13"]
[EventType "swiss"]
[EventRounds "9"]
[EventCountry "RUS"]
[SourceTitle "CBM 153 Extra"]
[Source "ChessBase"]
[SourceDate "2013.04.22"]
[SourceVersion "1"]
[SourceVersionDate "2013.04.22"]
[SourceQuality "1"]

1. e4 c5 2. Nc3 Nc6 3. g3 g6 4. Bg2 Bg7 5. d3 Nf6 6. f4 d6 7. Nf3 Rb8 8. 0-0 0-0 9. h3 b5 10. Nh4 Bd7 11. f5 Nh5 12. Ne2 Nd4 13. Nf4 Nxg3 14. c3 e5 15. fxe6 Nxe6 16. Nxe6 Bxe6 17. Rf4 Nh5 18. Rg4 Bxg4 19. Qxg4 b4 20. Bg5 Bf6 21. Bxf6 Qxf6 22. Rf1 Qe6 23. Qg5 bxc3 24. bxc3 Rb2 25. Nf5 Kh8 26. Qh6 Rfb8 27. Nh4 Rb1 28. Rxb1 Rxb1+ 29. Bf1 Kg8 30. Qe3 Qf6 31. Nf3 Ng3 32. e5 Nxf1 33. Qf2 0-1

[Event "Belorechensk Sarkisov Memorial op"]
[Site "Belorechensk"]
[Date "2012.05.31"]
[Round "9"]
[White "Udovichenko, Nikolai"]
[Black "Zakarian, David"]
[Result "0-1"]
[WhiteElo "2219"]
[BlackElo "2379"]
[PlyCount "66"]
[EventDate "2012.05.23"]
[EventType "swiss"]
[EventRounds "9"]
[EventCountry "RUS"]
[SourceTitle "CBM 148 Extra"]
[Source "ChessBase"]
[SourceDate "2012.06.22"]
[SourceVersion "1"]
[SourceVersionDate "2012.06.22"]
[SourceQuality "1"]

1. e4 c5 2. Nc3 Nc6 3. d3 g6 4. Be3 d6 5. Qd2 Bg7 6. g3 b5 7. Bg2 Rb8 8. Nd1 b4 9. c3 bxc3 10. bxc3 Qa5 11. Ne2 Ba6 12. f4 Qb5 13. Nc1 Nf6 14. h3 Nd7 15. 0-0 0-0 16. g4 Rfc8 17. e5 dxe5 18. f5 e4 19. fxg6 hxg6 20. a4 Qa5 21. Qa2 c4 22. Bxe4 Nf6 23. Qf2 Nxe4 24. Qxf7+ Kh7 25. dxe4 Rf8 26. Qe6 Rxf1+ 27. Kxf1 Rf8+ 28. Ke2 Bxc3 29. Nxc3 Qxc3 30. Qxc6 Qb2+ 31. Ke1 Qg2 32. Bf4 Rxf4 33. Ne2 Rxe4 0-1

[Event "Belorechensk Sarkisov Memorial op"]
[Site "Belorechensk"]
[Date "2012.05.30"]
[Round "8"]
[White "Bukarin, Mikhail Yurievich"]
[Black "Udovichenko, Nikolai"]
[Result "0-1"]
[WhiteElo "1947"]
[BlackElo "2219"]
[PlyCount "102"]
[EventDate "2012.05.23"]
[EventType "swiss"]
[EventRounds "9"]
[EventCountry "RUS"]
[SourceTitle "CBM 148 Extra"]
[Source "ChessBase"]
[SourceDate "2012.06.22"]
[SourceVersion "1"]
[SourceVersionDate "2012.06.22"]
[SourceQuality "1"]

1. e4 c5 2. Nf3 Nc6 3. d4 cxd4 4. Nxd4 e5 5. Nb5 d6 6. N1c3 a6 7. Na3 b5 8. Nd5 Nce7 9. c4 Nxd5 10. cxd5 f5 11. Bd3 fxe4 12. Bxe4 Nf6 13. Bg5 Qa5+ 14. Bd2 Qb6 15. Be3 Qb7 16. f3 Be7 17. 0-0 0-0 18. Rc1 Bd7 19. Qd2 Rac8 20. b3 Bd8 21. Rxc8 Bxc8 22. Rc1 Qa8 23. Nc2 Bb7 24. Rd1 Bc7 25. Qd3 Bb8 26. Bg5 Ba7+ 27. Be3 Rc8 28. Bxa7 Qxa7+ 29. Qe3 Qc5 30. Qxc5 Rxc5 31. Ne3 g6 32. Kf2 Kf7 33. Ke2 Ke7 34. Rd2 a5 35. Kd1 Kd7 36. Rc2 Kc7 37. g4 Kb6 38. h4 Nxd5 39. Nxd5+ Bxd5 40. Rd2 Kc6 41. g5 Bxe4 42. fxe4 Rc3 43. Rh2 Kc5 44. h5 Rg3 45. hxg6 hxg6 46. Rc2+ Kb6 47. Rd2 Kc6 48. Rd5 Re3 49. a4 Rxb3 50. axb5+ Rxb5 51. Rd3 Rb4 0-1

[Event "Doroshkevich Memorial op"]
[Site "Belorechensk"]
[Date "2010.05.28"]
[Round "7"]
[White "Bargandzhiya, Zaza"]
[Black "Udovichenko, Nikolai"]
[Result "1-0"]
[WhiteElo "1803"]
[BlackElo "2151"]
[PlyCount "39"]
[EventDate "2010.05.22"]
[EventType "swiss"]
[EventRounds "9"]
[EventCountry "RUS"]
[SourceTitle "EXT 2011"]
[Source "ChessBase"]
[SourceDate "2010.11.26"]
[SourceVersion "1"]
[SourceVersionDate "2010.11.26"]
[SourceQuality "1"]

1. e4 c5 2. Nf3 Nc6 3. Bb5 e6 4. 0-0 Nge7 5. d4 cxd4 6. Nxd4 Qb6 7. Bxc6 bxc6 8. c4 d5 9. cxd5 cxd5 10. Nc3 dxe4 11. Ndb5 Ng6 12. Be3 Qb8 13. Qa4 Bd7 14. Qxe4 Kd8 15. Rfd1 f5 16. Qxe6 Qb7 17. Rxd7+ Qxd7 18. Rd1 Qxd1+ 19. Nxd1 Ne7 20. Qd6+ 1-0

[Event "Doroshkevich Memorial op"]
[Site "Belorechensk"]
[Date "2010.05.24"]
[Round "3"]
[White "Udovichenko, Nikolai"]
[Black "Kvanin, Georgy"]
[Result "1-0"]
[WhiteElo "2151"]
[BlackElo "1973"]
[PlyCount "55"]
[EventDate "2010.05.22"]
[EventType "swiss"]
[EventRounds "9"]
[EventCountry "RUS"]
[SourceTitle "EXT 2011"]
[Source "ChessBase"]
[SourceDate "2010.11.26"]
[SourceVersion "1"]
[SourceVersionDate "2010.11.26"]
[SourceQuality "1"]

1. a3 d5 2. d4 Nf6 3. Nf3 Bf5 4. c4 c6 5. Nbd2 h6 6. Qb3 Qc7 7. Ne5 e6 8. h3 Nbd7 9. Ndf3 Be7 10. Bf4 Qc8 11. Rc1 dxc4 12. Nxc4 0-0 13. Bd6 Bxd6 14. Nxd6 Qc7 15. Nxf5 exf5 16. e3 f4 17. Bd3 fxe3 18. 0-0 exf2+ 19. Rxf2 Qb6 20. Qc4 Nd5 21. Bb1 Rae8 22. Qd3 N5f6 23. Rcf1 Ne4 24. Nd2 f5 25. Rxf5 Rxf5 26. Rxf5 Ndf6 27. Qc4+ Kh7 28. Rxf6 1-0

[Event "Doroshkevich Memorial op"]
[Site "Belorechensk"]
[Date "2009.05.26"]
[Round "4"]
[White "Udovichenko, Nikolai"]
[Black "Bryzgalin, Kirill"]
[Result "1/2-1/2"]
[WhiteElo "2170"]
[BlackElo "2497"]
[PlyCount "70"]
[EventDate "2009.05.23"]
[EventType "swiss"]
[EventRounds "9"]
[EventCountry "RUS"]
[SourceTitle "CBM 130 Extra"]
[Source "ChessBase"]
[SourceDate "2009.07.02"]
[SourceVersion "2"]
[SourceVersionDate "2009.07.15"]
[SourceQuality "1"]

1. a3 d5 2. d4 Nf6 3. Nf3 Bf5 4. c4 dxc4 5. Qa4+ Nbd7 6. Qxc4 e6 7. Nc3 c5 8. dxc5 Bxc5 9. e4 Rc8 10. exf5 Bxf2+ 11. Kxf2 Rxc4 12. Bxc4 Qb6+ 13. Ke2 exf5 14. Re1 0-0 15. Kf1 Ng4 16. Nd1 Qc5 17. Ba2 Nde5 18. Re2 Nc6 19. Bg5 h6 20. Bd2 Rd8 21. h3 Nf6 22. Rc1 Qd6 23. Nf2 Nh5 24. Nh1 g5 25. Bc3 Qf4 26. Rce1 Kf8 27. Rf2 Qa4 28. Ne5 Nxe5 29. Bxe5 Rd1 30. Rfe2 f4 31. Bc3 Rxe1+ 32. Kxe1 Qc6 33. Kf2 Nf6 34. Bb4+ Kg7 35. Bc3 Kf8 1/2-1/2

[Event "Doroshkevich Memorial op"]
[Site "Maikop"]
[Date "2008.05.30"]
[Round "7"]
[White "Movldiev, Ibragim"]
[Black "Udovichenko, Nikolai"]
[Result "1-0"]
[WhiteElo "2024"]
[BlackElo "2202"]
[PlyCount "109"]
[EventDate "2008.05.24"]
[EventType "swiss"]
[EventRounds "9"]
[EventCountry "RUS"]
[SourceTitle "CBM 124 Extra"]
[Source "ChessBase"]
[SourceDate "2008.07.03"]
[SourceVersion "1"]
[SourceVersionDate "2008.07.03"]
[SourceQuality "1"]

1. e4 c6 2. d4 d5 3. exd5 cxd5 4. c4 Nf6 5. Nc3 e6 6. Nf3 Nc6 7. c5 Ne4 8. Bd3 Nxc3 9. bxc3 b6 10. Bb5 Bd7 11. Bxc6 Bxc6 12. Ne5 Rc8 13. Nxc6 Rxc6 14. cxb6 Rxb6 15. 0-0 Bd6 16. f4 0-0 17. Bd2 Qc7 18. Qc2 Rfb8 19. f5 Bxh2+ 20. Kh1 Rb2 21. Qd3 exf5 22. Rxf5 g6 23. Rf3 Bd6 24. Raf1 Qd8 25. Bc1 Rb1 26. Qe3 h5 27. Rf6 Qe7 28. Qf3 Bc7 29. Kg1 Rf8 30. Qxd5 Kg7 31. Qg5 Bd8 32. Qh6+ Kg8 33. Rxg6+ fxg6 34. Qxg6+ Qg7 35. Qxb1 Rxf1+ 36. Kxf1 Qf6+ 37. Kg1 Bc7 38. Qb3+ Kg7 39. Qd5 Bg3 40. Qg5+ Qxg5 41. Bxg5 Kg6 42. Be3 Kf5 43. Kf1 Ke4 44. Ke2 Bc7 45. Kd2 Ba5 46. Bf2 Bd8 47. c4 Bf6 48. Kc3 a5 49. c5 Kd5 50. Kb3 Bd8 51. Bg3 h4 52. Be5 Kc6 53. Kc4 Be7 54. d5+ Kb7 55. Kb5 1-0